Batman: Arkham Knight Antagonists - Statistics

General Stats
  • This quiz has been taken 96 times
  • The average score is 12 of 15
Answer Stats
Hint Answer % Correct
Oswald Cobblepot Penguin
99%
Edward Nygma Riddler
96%
Johnathon Crane Scarecrow
96%
Harvey Dent Two-Face
96%
Pamela Isley Poison Ivy
94%
Hallucinations The Joker
94%
Jason Todd The Arkham Knight
88%
Slade Wilson Deathstroke
86%
Uses Titan Bane
83%
Waylon Jones Killer Croc
83%
Thomas Elliott Hush
78%
Garfield Lynns Firefly
74%
Jervis Tetch Mad Hatter
74%
Roman Sionis Black Mask
66%
Victor Fries Mister Freeze
44%
No matching quizzes found
Score Distribution
Percent of People with Each Score
Percentile by Number Answered
Your Score History
You have not taken this quiz